Política exterior de los Estados Unidos : (Registro nro. 58586)

Detalles MARC
000 -LEADER
campo de control de longitud fija 00824nam a2200241 i 4500
001 - NÚMERO DE CONTROL
campo de control 58586
003 - IDENTIFICADOR DE NÚMERO DE CONTROL
campo de control ES-MaACL
005 - FECHA Y HORA DE LA ÚLTIMA TRANSACCIÓN
campo de control 20240125151940.0
007 - CAMPO FIJO DE DESCRIPCIÓN FÍSICA--INFORMACIÓN GENERAL
campo de control de longitud fija t|
008 - DATOS DE LONGITUD FIJA--INFORMACIÓN GENERAL
campo de control de longitud fija 031023s1965 mx ||||1| spa d
080 ## - NÚMERO DE LA CLASIFICACIÓN DECIMAL UNIVERSAL
Número de la Clasificación Decimal Universal 327(73)"1913/1945"
100 1# - ENTRADA PRINCIPAL--NOMBRE DE PERSONA
Nombre de persona Duroselle, Jean-Baptiste.
9 (RLIN) 46312
245 10 - MENCIÓN DEL TÍTULO
Título Política exterior de los Estados Unidos :
Resto del título de Wilson a Roosevelt (1913-1945) /
Mención de responsabilidad, etc. Jean-Baptiste Duroselle ; traducción de Julieta Campos.
250 ## - MENCION DE EDICION
Mención de edición 1ª ed. en español.
260 ## - PUBLICACIÓN, DISTRIBUCIÓN, ETC.
Lugar de publicación, distribución, etc. México :
Nombre del editor, distribuidor, etc. Fondo de Cultura Económica,
Fecha de publicación, distribución, etc. 1965.
300 ## - DESCRIPCIÓN FÍSICA
Extensión 515 p. ;
Dimensiones 21 cm.
500 ## - NOTA GENERAL
Nota general Índice.
504 ## - NOTA DE BIBLIOGRAFÍA, ETC.
Nota de bibliografía, etc. Bibliografía: p. 471-502.
651 #4 - PUNTO DE ACCESO ADICIONAL DE MATERIA--NOMBRE GEOGRÁFICO
Nombre geográfico Estados Unidos-
Subdivisión general Política exterior-
Subdivisión cronológica 1900-1945.
9 (RLIN) 158469
700 1# - ENTRADA AGREGADA--NOMBRE PERSONAL
Nombre de persona Campos, Julieta,
Fechas asociadas al nombre 1932-2007
9 (RLIN) 234944
852 4# - LOCALIZACIÓN
Ubicación ES-MaACL
Número de control de estantería E-7078
Existencias
Estatus retirado Estado de pérdida Estado de daño No para préstamo Biblioteca de origen Biblioteca actual Ubicación en estantería Fecha de adquisición Fuente de adquisición Total de préstamos Signatura topográfica completa Código de barras Visto por última vez Precio de reemplazo Tipo de ítem Koha
        Biblioteca del Ateneo de Madrid Biblioteca del Ateneo de Madrid Depósito 2 17/01/2008     E-7078 1061467 23/02/2023 23/02/2023 Libro impreso